000 00616nmm a2200193Ia 4500
008 251105s9999||||xx |||||||||||||||||und||
041 _aspa
100 _aCarrera, Mario Alberto
245 0 _aJuan José Arévalo Bermejo, un político de América
264 _a[México D.C., Mexico] :
_bFondo de Cultura Económica,
_c2016
300 _a353 páginas
490 _aTierra Firme
650 _aLatin American literature
700 _aCarrera, Mario Alberto
700 1 _a Carrera, Mario Alberto
700 1 _a Carrera, Mario Alberto
856 _uhttps://public.digitaliapublishing.com/a/64532
942 _cCF
999 _c63638
_d63638